Taller : Participación Social y Comunitaria en Salud/
Informe de la organización Mujeres Unidas en Salud (MUSADE), que cubre la zona de San Ramón, Palmares, Naranjo, Alfaro Ruiz y Valverde Vega. Describe una serie de aspectos en relación a ella: esbozo histórico de la organización; los objetivos que persigue; su estructura organizativa; caracterización...
Salvato in:
| Autore principale: | |
|---|---|
| Altri autori: | , |
| Natura: | Libro |
| Lingua: | Spanish |
| Pubblicazione: |
San Ramón, Costa Rica:
Instituto de Investigaciones Sociales
9-10 mayo 1989
|
| Soggetti: | |
| Tags: |
Aggiungi Tag
Nessun Tag, puoi essere il primo ad aggiungerne!!
|
MARC
| LEADER | 00000nam a22000007a 4500 | ||
|---|---|---|---|
| 003 | cru CIDCACS/IIS | ||
| 005 | 20220420111144.0 | ||
| 008 | 200701s1989 cr ||||| ||||||0| ||spa|d | ||
| 040 | |a cru CIDCACS/IIS | ||
| 090 | |a 09906.00 | ||
| 100 | 1 | |9 9394 |a Rodríguez, Adita | |
| 245 | 1 | |a Taller : |b Participación Social y Comunitaria en Salud/ |c Adita Rodríguez, Dinorah Jiménez, Enid Cruz |h [Mimeografiada] | |
| 260 | |a San Ramón, Costa Rica: |b Instituto de Investigaciones Sociales |c 9-10 mayo 1989 | ||
| 300 | |a 10 páginas | ||
| 520 | |a Informe de la organización Mujeres Unidas en Salud (MUSADE), que cubre la zona de San Ramón, Palmares, Naranjo, Alfaro Ruiz y Valverde Vega. Describe una serie de aspectos en relación a ella: esbozo histórico de la organización; los objetivos que persigue; su estructura organizativa; caracterización de todos sus miembros (número de socias, escolaridad, dependencia económica, etc.), áreas de trabajo de MUSADE (investigación, promoción y organización, educación, capacitación y producción, etc.); actividades que ha realizado MUSADE; metodologías que emplea; las fuentes de financiamiento; coordinación con otras organizaciones; medios de comunicación de la zona; limitaciones en infraestructura, organización, institucionales y económicas. Concluyen señalando que la organización tiene un reto que han decidido afrontar, y que han adquirido un compromiso con ellas mismas, los hijos y la sociedad de los pobres y oprimidos. Han sentido la necesidad de cambiar esta sociedad y han empezado por cambiarse a ellas mismas, aunque comprenden que el camino es largo y difícil. EB/JM | ||
| 650 | 4 | |9 1969 |a ORGANIZACIONES FEMENINAS | |
| 650 | 0 | |9 2449 |a SALUD | |
| 650 | 0 | |9 88 |a MUJERES | |
| 650 | 0 | |9 2105 |a INDICADORES SOCIALES | |
| 650 | 0 | |9 2125 |a PARTICIPACION SOCIAL | |
| 651 | 0 | |9 32 |a COSTA RICA | |
| 700 | 1 | |9 9395 |a Jiménez, Dinorah | |
| 700 | 1 | |9 9396 |a Cruz, Enid | |
| 942 | |2 ddc |c LI | ||
| 999 | |c 43221 |d 43221 | ||
